Catálogo

LA LIBERTAD QUE QUEREMOS : (Registro nro. 57868)

Detalles MARC
000 -LEADER
fixed length control field 01234nam a2200229 a 4500
001 - CONTROL NUMBER
control field 57868
005 - DATE AND TIME OF LATEST TRANSACTION
control field 20180714054234.0
008 - FIXED-LENGTH DATA ELEMENTS--GENERAL INFORMATION
fixed length control field 140415s1990 mx 000 0 spa d
020 ## - INTERNATIONAL STANDARD BOOK NUMBER
International Standard Book Number 9681634497
041 ## - LANGUAGE CODE
Language code of text/sound track or separate title spa
082 ## - DEWEY DECIMAL CLASSIFICATION NUMBER
Classification number 320.01
Item number BEC
100 1# - MAIN ENTRY--PERSONAL NAME
Personal name BECKER, WERNER
245 13 - TITLE STATEMENT
Title LA LIBERTAD QUE QUEREMOS :
Remainder of title LA DECISION PARA LA DEMOCRACIA LIBERAL
250 ## - EDITION STATEMENT
Edition statement 1a ed.
260 ## - PUBLICATION, DISTRIBUTION, ETC.
Place of publication, distribution, etc. MEXICO :
Name of publisher, distributor, etc. FONDO DE CULTURA ECONOMICA,
Date of publication, distribution, etc. 1990
300 ## - PHYSICAL DESCRIPTION
Extent 2
Dimensions 15.3 x 1.2 x 22.9
490 ## - SERIES STATEMENT
Series statement SECCION DE OBRAS DE FILOSOFIA
520 ## - SUMMARY, ETC.
Summary, etc. EN 1789, LOS REVOLUCIONARIOS FRANCESES CREABAN UNA NOVEDOSA FORMA DEL ESTADO QUE PERVIVE HASTA NUESTROS DIAS: EL ESTADO DE LA DEMOCRACIA LIBERAL, QUE SE EXTIENDE MAS ALLA DEL OCCIDENTE QUE LO VIO NACER. EL PRINCIPAL COMPONENTE DE LA DEMOCRACIA DE CORTE LIBERAL ES EL PLURALISMO EN LA ESTRUCTURA DEL EDIFICIO DE GOBIERNO Y EN LA SOCIEDAD EN GENERAL, ASI COMO LOS PROCEDIMIENTOS DEMOCRATICOS Y LEGALES EN LA ALTERNANCIA DEL PODER. UNA SOCIEDAD FUNDADA EN LA COMPETENCIA, ABIERTA A LOS CAMBIOS
650 14 - SUBJECT ADDED ENTRY--TOPICAL TERM
Topical term or geographic name entry element DEMOCRACIA
General subdivision FILOSOFIA POLITICA
-- LIBERTAD
-- POLITICA
700 1# - ADDED ENTRY--PERSONAL NAME
Personal name ALVAREZ SALAS, OMAR
Relator term tr.
740 ## - ADDED ENTRY--UNCONTROLLED RELATED/ANALYTICAL TITLE
Uncontrolled related/analytical title DIE FREIHEIT, DIE WIR MEINEN. ENTSCHEIDUNG FÜR DIE LIBERALE DEMOKRATIE
Existencias
Withdrawn status Lost status Source of classification or shelving scheme Damaged status Not for loan Collection code Home library Current library Shelving location Date acquired Source of acquisition Inventory number Total Checkouts Full call number Barcode Date last seen Price effective from Koha item type
    Dewey Decimal Classification     General Biblioteca Karol Wojtyla Biblioteca Karol Wojtyla Sala general 03/12/2013 Compra 151000000000000000052864   320.01 BEC 87358 05/01/2026 03/12/2013 Libro